00434nam a2200157 a 4500008004100000020001500041100001800056245005800074260003900132300003200171440002700203500001900230003000100249005001700250040000900267  a07506339721 aCollin, Simon10aMultimedia for windows 95 made simple /cSimon Collin aOxford :bMade Simple Books,c1997 aix, 148 p. bill. ;c25 cm. aNew Made simple Series aIncludes index20230123133420.0 cNUST